[Event "Dvorkovich Memorial Rapid 2018"]
[Site "Taganrog"]
[Date "2018.01.14"]
[Round "8"]
[White "Tomilova, Elena"]
[Black "Pshmahov, Osman"]
[Result "1-0"]
[WhiteElo "2331"]
[BlackElo "2103"]
[Annotator "ChessBase"]
[PlyCount "137"]
[EventDate "2018.??.??"]
[EventType "swiss"]
[EventCountry "RUS"]
[SourceTitle "playchess.com"]
[Source "ChessBase"]
[SourceQuality "1"]
[TimeControl "900+10"]

1. c4 {[%emt 0:00:00]} Nf6 {[%emt 0:00:11]} 2. g3 {[%emt 0:00:01]} e6 {[%emt 0:00:02]} 3. Nf3 {[%emt 0:00:06]} d5 {[%emt 0:00:02]} 4. b3 {[%emt 0:00:03]} g6 {[%emt 0:00:09]} 5. Bb2 {[%emt 0:00:04]} Bg7 {[%emt 0:00:01]} 6. Bg2 {[%emt 0:00:06]} O-O {[%emt 0:00:04]} 7. O-O {[%emt 0:00:05]} b6 {[%emt 0:00:16]} 8. d3 {[%emt 0:00:16]} Bb7 {[%emt 0:00:03]} 9. Nbd2 {[%emt 0:00:04]} c5 {[%emt 0:00:08]} 10. cxd5 {[%emt 0:00:09]} exd5 {[%emt 0:00:52]} 11. d4 {[%emt 0:00:46]} Nfd7 {[%emt 0:00:17]} 12. Qb1 {[%emt 0:00:51]} Nc6 {[%emt 0:00:07]} 13. dxc5 {[%emt 0:00:09]} Bxb2 {[%emt 0:00:02]} 14. Qxb2 {[%emt 0:00:01]} bxc5 {[%emt 0:00:02]} 15. Rfd1 {[%emt 0:00:26]} Qf6 {[%emt 0:00:03]} 16. Qxf6 {[%emt 0:00:30]} Nxf6 {[%emt 0:00:01]} 17. Rac1 {[%emt 0:00:01]} Nd7 {[%emt 0:00:26]} 18. e4 {[%emt 0:03:33]} d4 {[%emt 0:01:34]} 19. Bh3 {[%emt 0:00:03]} f5 {[%emt 0:01:33]} 20. exf5 {[%emt 0:00:16]} gxf5 {[%emt 0:00:01]} 21. Nh4 {[%emt 0:00:41]} Ne7 {[%emt 0:00:08]} 22. Re1 {[%emt 0:00:40]} Ng6 {[%emt 0:02:22]} 23. Nxf5 {[%emt 0:00:29]} Nde5 {[%emt 0:00:37]} 24. Ne7+ {[%emt 0:00:33]} Kh8 {[%emt 0:01:33]} 25. Nxg6+ {[%emt 0:00:04]} Nxg6 {[%emt 0:00:01]} 26. Rxc5 {[%emt 0:00:05]} Rfe8 {[%emt 0:00:10]} 27. Rcc1 {[%emt 0:01:25]} Ne5 {[%emt 0:00:18]} 28. Bg2 {[%emt 0:02:54]} Bxg2 {[%emt 0:00:13]} 29. Kxg2 {[%emt 0:00:01]} Nd3 {[%emt 0:00:01]} 30. Rxe8+ {[%emt 0:00:01]} Rxe8 {[%emt 0:00:00]} 31. Rd1 {[%emt 0:00:06]} Re2 {[%emt 0:00:13]} 32. Ne4 {[%emt 0:00:37]} Ne5 {[%emt 0:00:19]} 33. Rxd4 {[%emt 0:00:16]} Rxa2 {[%emt 0:00:03]} 34. h3 {[%emt 0:01:01]} Rb2 {[%emt 0:01:26]} 35. Rd5 {[%emt 0:00:20]} Nc6 {[%emt 0:00:18]} 36. Rd7 {[%emt 0:00:24]} Re2 {[%emt 0:01:11]} 37. Rc7 {[%emt 0:00:41]} Rxe4 {[%emt 0:00:50]} 38. Rxc6 {[%emt 0:00:01]} Rb4 {[%emt 0:00:01]} 39. Ra6 {[%emt 0:00:10]} Rxb3 {[%emt 0:00:19]} 40. Rxa7 {[%emt 0:00:02]} Kg8 {[%emt 0:00:02]} 41. g4 {[%emt 0:00:06]} h5 {[%emt 0:00:11]} 42. Ra5 {[%emt 0:00:52]} hxg4 {[%emt 0:00:11]} 43. hxg4 {[%emt 0:00:04]} Kg7 {[%emt 0:00:01]} 44. Ra6 {[%emt 0:00:09]} Kf7 {[%emt 0:00:01]} 45. f3 {[%emt 0:00:02]} Kg7 {[%emt 0:00:01]} 46. Kg3 {[%emt 0:00:02]} Kf7 {[%emt 0:00:01]} 47. g5 {[%emt 0:00:04]} Kg7 {[%emt 0:00:07]} 48. Kg4 {[%emt 0:00:03]} Rb4+ {[%emt 0:00:26]} 49. f4 {[%emt 0:00:04]} Rc4 {[%emt 0:00:00]} 50. Kf5 {[%emt 0:00:46]} Rc5+ {[%emt 0:00:04]} 51. Ke4 {[%emt 0:00:03]} Rc4+ {[%emt 0:00:02]} 52. Ke5 {[%emt 0:00:12]} Rc5+ {[%emt 0:00:07]} 53. Kd4 {[%emt 0:00:06]} Rb5 {[%emt 0:00:01]} 54. Ke4 {[%emt 0:00:01]} Rb4+ {[%emt 0:00:05]} 55. Kf3 {[%emt 0:00:02]} Rb3+ {[%emt 0:00:02]} 56. Kg4 {[%emt 0:00:01]} Rb4 {[%emt 0:00:01]} 57. Re6 {[%emt 0:00:13]} Kf7 {[%emt 0:00:01]} 58. Rf6+ {[%emt 0:00:16]} Kg7 {[%emt 0:00:11]} 59. Rd6 {[%emt 0:00:37]} Kf7 {[%emt 0:00:13]} 60. Kf5 {[%emt 0:00:07]} Rb5+ {[%emt 0:00:01]} 61. Ke4 {[%emt 0:00:03]} Rb1 {[%emt 0:00:20]} 62. g6+ {[%emt 0:00:43]} Kg7 {[%emt 0:00:43]} 63. Kf5 {[%emt 0:00:46]} Rb5+ {[%emt 0:00:11]} 64. Kg4 {[%emt 0:00:04]} Rb1 {[%emt 0:00:02]} 65. Kg5 {[%emt 0:00:14]} Rg1+ {[%emt 0:00:22]} 66. Kf5 {[%emt 0:00:03]} Kh6 {[%emt 0:00:29]} 67. Re6 {[%emt 0:00:20]} Rg2 {[%emt 0:00:22]} 68. Re7 {[%emt 0:00:19]} Rxg6 {[%emt 0:01:01]} 69. Re6 {[%emt 0:00:02]} 1-0

[Event "Dvorkovich Memorial Rapid 2018"]
[Site "Taganrog"]
[Date "2018.01.14"]
[Round "8"]
[White "Ivlev, Aleksey"]
[Black "Yermolenko, Vasily"]
[Result "1-0"]
[WhiteElo "2300"]
[BlackElo "2245"]
[Annotator "ChessBase"]
[PlyCount "91"]
[EventDate "2018.??.??"]
[EventType "swiss"]
[EventCountry "RUS"]
[SourceTitle "playchess.com"]
[Source "ChessBase"]
[SourceQuality "1"]
[TimeControl "900+10"]

1. d4 {[%emt 0:00:00]} Nf6 {[%emt 0:00:00]} 2. Nf3 {[%emt 0:00:00]} e6 {[%emt 0:00:03]} 3. c4 {[%emt 0:00:00]} c5 {[%emt 0:00:04]} 4. d5 {[%emt 0:00:00]} exd5 {[%emt 0:00:01]} 5. cxd5 {[%emt 0:00:00]} d6 {[%emt 0:00:01]} 6. Nc3 {[%emt 0:00:00]} g6 {[%emt 0:00:00]} 7. Bf4 {[%emt 0:00:00]} a6 {[%emt 0:00:00]} 8. a4 {[%emt 0:00:03]} Bg7 {[%emt 0:00:02]} 9. e3 {[%emt 0:00:01]} O-O {[%emt 0:00:17]} 10. h3 {[%emt 0:00:02]} Ne8 {[%emt 0:00:23]} 11. Be2 {[%emt 0:00:00]} Nd7 {[%emt 0:00:05]} 12. O-O {[%emt 0:00:11]} h6 {[%emt 0:00:22]} 13. Bg3 {[%emt 0:00:59]} f5 {[%emt 0:00:09]} 14. Nd2 {[%emt 0:01:26]} Qe7 {[%emt 0:00:11]} 15. Nc4 {[%emt 0:00:19]} b6 {[%emt 0:01:27]} 16. Re1 {[%emt 0:00:52]} Rb8 {[%emt 0:00:00]} 17. Bf1 {[%emt 0:00:00]} Ne5 {[%emt 0:00:50]} 18. Nd2 {[%emt 0:00:10]} Nc7 {[%emt 0:01:18]} 19. f4 {[%emt 0:00:05]} Nf7 {[%emt 0:00:00]} 20. e4 {[%emt 0:00:07]} Bd4+ {[%emt 0:02:13]} 21. Kh1 {[%emt 0:00:12]} fxe4 {[%emt 0:00:00]} 22. Ndxe4 {[%emt 0:00:09]} Qd8 {[%emt 0:00:00]} 23. Bd3 {[%emt 0:00:43]} b5 {[%emt 0:00:21]} 24. axb5 {[%emt 0:00:12]} axb5 {[%emt 0:00:00]} 25. Nd2 {[%emt 0:01:31]} Bf5 {[%emt 0:02:35]} 26. Bxf5 {[%emt 0:00:31]} gxf5 {[%emt 0:00:00]} 27. Qh5 {[%emt 0:00:11]} Qf6 {[%emt 0:00:11]} 28. Bh4 {[%emt 0:00:13]} Qg7 {[%emt 0:00:21]} 29. Ra7 {[%emt 0:00:26]} b4 {[%emt 0:00:11]} 30. Ne2 {[%emt 0:01:00]} Nb5 {[%emt 0:00:00]} 31. Nxd4 {[%emt 0:00:16]} Nxd4 {[%emt 0:00:14]} 32. Nc4 {[%emt 0:01:04]} Rbe8 {[%emt 0:01:41]} 33. Rxe8 {[%emt 0:00:00]} Rxe8 {[%emt 0:00:10]} 34. Nxd6 {[%emt 0:00:17]} Nxd6 {[%emt 0:00:32]} 35. Rxg7+ {[%emt 0:00:03]} Kxg7 {[%emt 0:00:01]} 36. g4 {[%emt 0:00:37]} Re2 {[%emt 0:03:28]} 37. g5 {[%emt 0:00:13]} Nf7 {[%emt 0:00:18]} 38. gxh6+ {[%emt 0:00:35]} Nxh6 {[%emt 0:00:00]} 39. d6 {[%emt 0:00:21]} Nf7 {[%emt 0:00:55]} 40. d7 {[%emt 0:00:06]} Rxb2 {[%emt 0:01:05]} 41. Qxf7+ {[%emt 0:00:19]} Kxf7 {[%emt 0:00:02]} 42. d8=Q {[%emt 0:00:00]} Ke6 {[%emt 0:00:43]} 43. Be7 {[%emt 0:03:54]} Nf3 {[%emt 0:00:29]} 44. Qd6+ {[%emt 0:00:00]} Kf7 {[%emt 0:00:01]} 45. Qf6+ {[%emt 0:00:00]} Ke8 {[%emt 0:00:01]} 46. Qxb2 {[%emt 0:00:03]} 1-0

[Event "Dvorkovich Memorial Rapid 2018"]
[Site "Taganrog"]
[Date "2018.01.14"]
[Round "8"]
[White "Semenova, Elena"]
[Black "Balashov, Yuri S"]
[Result "1-0"]
[WhiteElo "2238"]
[BlackElo "2434"]
[Annotator "TA"]
[PlyCount "27"]
[EventDate "2018.??.??"]
[EventType "swiss"]
[EventCountry "RUS"]
[SourceTitle "playchess.com"]
[Source "ChessBase"]
[SourceQuality "1"]

{[%evp 21,27,10,20,8,12,0,4,-14]} 1. e4 c5 2. Nc3 e6 3. Nf3 d6 4. g3 Nc6 5. Bg2 Be7 6. O-O a6 7. d4 cxd4 8. Nxd4 Bd7 9. Be3 Nf6 10. Nxc6 {B80: Sizilianisch (Scheveninger System)} Bxc6 11. Qe2 (11. a4 O-O 12. a5 Nd7 13. Na4 f5 14. Nb6 Nxb6 15. Bxb6 Qd7 16. Qd3 fxe4 17. Bxe4 Bxe4 18. Qxe4 Bd8 19. Bd4 Bf6 20. Rad1 d5 21. Qe3 {½-½ (65) Malakhov,V (2722)-Naiditsch,A (2712) Danzhou 2017}) 11... O-O {LiveBook: 4 Partien. Die Stellung ist ausgeglichen.} 12. Rfd1 $146 ({Vorgänger:} 12. a4 Qa5 13. Qd2 Kh8 14. h3 Rac8 15. Rfd1 Qh5 16. g4 Qg6 17. Qd3 Nd7 18. Nd5 Bxd5 19. exd5 {½-½ (37) Watson,W (2550)-Bologan,V (2510) Germany 1993}) 12... Rc8 13. Rd2 Qc7 14. Rad1 {[%mdl 32768] Loss on Time!?} 1-0

[Event "Dvorkovich Memorial Rapid 2018"]
[Site "Taganrog"]
[Date "2018.01.14"]
[Round "8"]
[White "Shaydullina, Sandugach"]
[Black "Kryakvin, Dmitry"]
[Result "0-1"]
[WhiteElo "2211"]
[BlackElo "2580"]
[Annotator "TA"]
[PlyCount "56"]
[EventDate "2018.??.??"]
[EventType "swiss"]
[EventCountry "RUS"]
[SourceTitle "playchess.com"]
[Source "ChessBase"]
[SourceQuality "1"]

{[%evp 9,56,64,51,47,57,31,63,23,81,50,51,47,101,-63,-60,-49,-50,-74,-58,-132,-98,-158,-124,-124,-118,-106,-101,-203,-210,-368,-243,-683,-683,-1950,-1911,-29990,-504,-29991,-29992,-29995,-29992,-29994,-29987,-29987,-29988,-29986,-29987,-29988,-29986]} 1. d4 e6 2. c4 c5 3. d5 exd5 4. cxd5 d6 5. e4 g6 6. Nf3 {A43: Schmid Benoni} Bg7 7. h3 Ne7 8. a4 {White is slightly better.} a6 (8... O-O $11 {remains equal.}) 9. Nc3 O-O 10. Bf4 Nd7 ({Better is} 10... f5 $14 11. Qd2 fxe4 12. Nxe4 Nf5) 11. Bxd6 $146 (11. Be2 $16) ({Predecessor:} 11. Be2 Qb6 12. Qd2 f6 13. O-O Qc7 {0-1 (42) Lin,Y (2422)-Rapport,R (2717) Danzhou 2016}) 11... Qb6 $1 $15 {[%cal Rb6d6]} 12. e5 Re8 $1 {[#] Strongly threatening ...Nf5.} 13. Be2 Nf5 14. Ne4 ({White should play} 14. Qd2 $15) 14... Nxe5 15. Bxc5 (15. Bxe5 $142 Qb4+ 16. Qd2 Bxe5 17. Qxb4 cxb4 18. Nxe5 Rxe5 19. f3) 15... Nxf3+ 16. gxf3 Qxb2 17. Rb1 Qe5 18. d6 (18. Kf1 $17 {is a better defense.}) 18... Bd7 $19 19. Bb4 $2 {[#]} (19. Rb4) 19... Rac8 20. a5 $2 (20. Ba3) 20... Nd4 21. Rg1 Nc2+ 22. Kf1 Bxh3+ 23. Rg2 Qh2 {[%csl Gh2][%cal Rh3g2] Black mates.} 24. Bxa6 Bxg2+ 25. Ke2 Nd4+ 26. Qxd4 Bxd4 27. d7 Rxe4+ 28. fxe4 Qh5+ {Precision: White = 23%, Black = 69%.} 0-1

[Event "Dvorkovich Memorial Rapid 2018"]
[Site "Taganrog"]
[Date "2018.01.14"]
[Round "8"]
[White "Frolov, Andrey"]
[Black "Demkovich, Anatoliy"]
[Result "0-1"]
[WhiteElo "2120"]
[BlackElo "2407"]
[Annotator "ChessBase"]
[PlyCount "96"]
[EventDate "2018.??.??"]
[EventType "swiss"]
[EventCountry "RUS"]
[SourceTitle "playchess.com"]
[Source "ChessBase"]
[SourceQuality "1"]
[TimeControl "900+10"]

1. e4 {[%emt 0:00:00]} c5 {[%emt 0:00:11]} 2. Nf3 {[%emt 0:00:02]} g6 {[%emt 0:00:00]} 3. d4 {[%emt 0:00:03]} cxd4 {[%emt 0:00:01]} 4. Nxd4 {[%emt 0:00:01]} Bg7 {[%emt 0:00:01]} 5. c4 {[%emt 0:00:15]} Nc6 {[%emt 0:00:01]} 6. Be3 {[%emt 0:00:01]} Nf6 {[%emt 0:00:01]} 7. Nc3 {[%emt 0:00:01]} O-O {[%emt 0:00:05]} 8. Be2 {[%emt 0:00:02]} d6 {[%emt 0:00:01]} 9. O-O {[%emt 0:00:03]} Bd7 {[%emt 0:00:02]} 10. f3 {[%emt 0:00:11]} Nxd4 {[%emt 0:00:02]} 11. Bxd4 {[%emt 0:00:03]} a5 {[%emt 0:00:01]} 12. b3 {[%emt 0:00:20]} Bc6 {[%emt 0:00:01]} 13. Qd2 {[%emt 0:00:05]} Nd7 {[%emt 0:00:01]} 14. Bxg7 {[%emt 0:00:21]} Kxg7 {[%emt 0:00:01]} 15. Kh1 {[%emt 0:00:10]} Qb6 {[%emt 0:00:28]} 16. f4 {[%emt 0:01:25]} f6 {[%emt 0:00:17]} 17. Bg4 {[%emt 0:00:18]} Nc5 {[%emt 0:01:28]} 18. Qe3 {[%emt 0:01:33]} e5 {[%emt 0:01:19]} 19. Rad1 {[%emt 0:00:20]} Rad8 {[%emt 0:00:14]} 20. fxe5 {[%emt 0:01:20]} dxe5 {[%emt 0:00:22]} 21. Rxd8 {[%emt 0:01:56]} Rxd8 {[%emt 0:00:03]} 22. Nd5 {[%emt 0:00:06]} Bxd5 {[%emt 0:00:08]} 23. exd5 {[%emt 0:00:02]} a4 {[%emt 0:01:16]} 24. Bd1 {[%emt 0:00:12]} axb3 {[%emt 0:00:01]} 25. axb3 {[%emt 0:00:03]} Ra8 {[%emt 0:00:22]} 26. Bc2 {[%emt 0:00:20]} Ra2 {[%emt 0:00:28]} 27. Qc3 {[%emt 0:00:24]} Ra3 {[%emt 0:00:32]} 28. Rd1 {[%emt 0:00:31]} Nd7 {[%emt 0:01:48]} 29. d6 {[%emt 0:00:51]} Qc5 {[%emt 0:00:37]} 30. h4 {[%emt 0:00:28]} Qf2 {[%emt 0:00:42]} 31. Qh3 {[%emt 0:00:25]} f5 {[%emt 0:00:09]} 32. Be4 {[%emt 0:01:19]} Qe2 {[%emt 0:00:50]} 33. Bf3 {[%emt 0:03:42]} Qc2 {[%emt 0:00:37]} 34. Qg3 {[%emt 0:00:16]} Ra8 {[%emt 0:04:20]} 35. Qg5 {[%emt 0:00:27]} Re8 {[%emt 0:00:02]} 36. Qe3 {[%emt 0:00:40]} e4 {[%emt 0:00:43]} 37. Be2 {[%emt 0:00:36]} Re5 {[%emt 0:00:34]} 38. Rc1 {[%emt 0:00:14]} Qb2 {[%emt 0:00:05]} 39. c5 {[%emt 0:00:15]} f4 {[%emt 0:00:07]} 40. Qxf4 {[%emt 0:00:22]} Qxe2 {[%emt 0:00:02]} 41. c6 {[%emt 0:00:45]} bxc6 {[%emt 0:00:01]} 42. Rxc6 {[%emt 0:00:01]} Rf5 {[%emt 0:00:40]} 43. Qg3 {[%emt 0:00:09]} Qf2 {[%emt 0:00:59]} 44. Qc3+ {[%emt 0:00:54]} Kh6 {[%emt 0:00:04]} 45. Rc7 {[%emt 0:00:21]} Qxh4+ {[%emt 0:00:21]} 46. Kg1 {[%emt 0:00:00]} Qf2+ {[%emt 0:00:02]} 47. Kh2 {[%emt 0:00:01]} Rh5+ {[%emt 0:00:02]} 48. Qh3 {[%emt 0:00:05]} Rxh3+ {[%emt 0:00:01]} 0-1

[Event "Dvorkovich Memorial Rapid 2018"]
[Site "Taganrog"]
[Date "2018.01.14"]
[Round "8"]
[White "Kim, Yana"]
[Black "Zakharov, Alexander S"]
[Result "0-1"]
[WhiteElo "2092"]
[BlackElo "2437"]
[Annotator "TA"]
[PlyCount "112"]
[EventDate "2018.??.??"]
[EventType "swiss"]
[EventCountry "RUS"]
[SourceTitle "playchess.com"]
[Source "ChessBase"]
[SourceQuality "1"]

{[%evp 22,112,0,0,-14,-18,-24,-26,10,-36,-38,-205,-194,-204,-192,-225,-8,-11,-7,-50,-45,-74,-53,-63,-10,-8,64,60,74,-22,14,-127,-136,-142,-134,-118,-120,-227,-101,-229,-216,-213,-151,-222,-108,-173,-159,-141,-104,-327,-313,-356,-344,-515,-514,-511,-488,-517,-530,-970,-964,-972,-946,-914,-900,-842,-802,-683,-355,-347,-314,-1883,-1858,-1853,-1993,-2192,-2164,-5732,-5757,-5614,-5535,-2502,-5077,-4704,-3054,-1992,-1778,-5169,-5093,-6103,-5282,-2158,-1518]} 1. Nf3 c5 2. e4 d6 3. d4 cxd4 4. Nxd4 Nf6 5. Nc3 g6 6. Be2 Bg7 7. O-O Nc6 8. Nb3 O-O 9. Re1 a6 10. Bf1 {B70: Sicilian Dragon: 6 g3 and 6 Be2 (without a later Be3)} Bg4 (10... b5 11. a4 b4 12. Nd5 Nd7 13. a5 Rb8 14. Ra2 e6 15. Ne3 Nf6 16. Nc4 d5 17. exd5 Nxd5 18. Ne3 Nce7 19. Nxd5 Nxd5 {½-½ (66) Kramnik,V (2810)-Mamedov,R (2684) Novi Sad 2016}) 11. f3 Be6 12. Nd5 {LiveBook: 4 Games. The position is equal.} Bxd5 13. exd5 {[#]} Ne5 $146 ({Find the theoretical novelty and annotate with similar games:} 13... Nb4 14. c4 b5 15. a3 bxc4 16. axb4 cxb3 17. Qxb3 {0-1 (124) Aitbayev,A (2403)-Andriasian,Z (2621) St Petersburg 2013}) 14. Be3 Rc8 15. Qd2 b5 {[%cal Bb7b5,Bb5c4][%mdl 32]} 16. a4 $2 (16. Rad1 $15) 16... Nc4 $19 17. Bxc4 bxc4 18. Nc1 {[#]} e6 $2 (18... c3 $1 $19 {[%cal Rc3d2][%mdl 512]} 19. bxc3 Ne4 $1 {[%mdl 512]}) 19. dxe6 $11 fxe6 20. Bd4 e5 21. Bc3 Re8 $36 {[%mdl 2048] Black has the initiative.} 22. Na2 Qb6+ (22... Qc7 $15) 23. Kh1 Qc6 ({Better is} 23... Bf8 $11) 24. Nb4 $14 Qb7 25. a5 (25. Qxd6 $16 a5 26. Na2) 25... e4 (25... Re6 {NOTEXT} 26. Rab1 Bf8 27. Red1 Rc5 28. b3 Qb5) 26. fxe4 (26. Bxf6 $11 {remains equal.} Bxf6 27. Nd5 Qxb2 28. fxe4) 26... Nxe4 $17 27. Qd5+ Qxd5 28. Nxd5 Nxc3 29. bxc3 (29. Nxc3 $17 Rxe1+ 30. Rxe1) 29... Rxe1+ $19 30. Rxe1 $17 {[%mdl 4096] Endgame [#] Strongly threatening Ne7+. KRB-KRN} Rc5 $1 {[%cal Rc5d5]} 31. Rd1 Rxa5 32. Kg1 (32. Nb6 $17) 32... Ra2 (32... Kf7 $19 33. Nb6 Ke6 34. Re1+ Re5) 33. Nb4 (33. Ne3 $17 {was called for.}) 33... Rb2 $19 {aiming for ...a5.} 34. Rxd6 a5 35. Nc6 $2 (35. Rd8+ $17 {was worth a try.} Bf8 36. Nc6) 35... Bxc3 36. Rd8+ Kg7 37. Ra8 (37. Kf2 {keeps fighting.}) 37... Rxc2 38. Kf1 Ra2 39. Ra7+ Kh6 40. Ne7 Rf2+ 41. Kxf2 Bd4+ 42. Ke2 Bxa7 {KB-KN} 43. Nc6 Bb6 44. Ne5 c3 45. Kd3 Bc7 46. Nc4 $2 (46. Nf3 Bd6 47. Kxc3) 46... Bxh2 {Black is clearly winning.} 47. Kxc3 Bc7 48. Kd4 Kg5 49. Ke3 Kg4 50. Kf2 a4 51. Ne3+ Kg5 52. Nc4 h5 53. Kf3 Kf5 54. Ke3 g5 {[%cal Bg6g5,Bg5g4][%mdl 32]} 55. Kf3 g4+ 56. Kf2 Ke4 {Precision: White = 16%, Black = 59%.} 0-1

[Event "Dvorkovich Memorial Rapid 2018"]
[Site "Taganrog"]
[Date "2018.01.14"]
[Round "9"]
[White "Sjugirov, Sanan"]
[Black "Timofeev, Artyom"]
[Result "1/2-1/2"]
[WhiteElo "2652"]
[BlackElo "2563"]
[Annotator "TA"]
[PlyCount "43"]
[EventDate "2018.??.??"]
[EventType "swiss"]
[EventCountry "RUS"]
[SourceTitle "playchess.com"]
[Source "ChessBase"]
[SourceQuality "1"]

{[%evp 16,43,15,24,33,31,38,32,25,25,38,28,38,29,23,2,30,0,16,0,5,13,12,-16,-8,-28,0,-12,-10,-62]} 1. d4 d5 2. c4 e6 3. Nf3 c6 4. Nbd2 Nf6 5. g3 Be7 6. Bg2 O-O 7. O-O b6 8. Qc2 Na6 {E06: Closed Catalan: Early deviations} (8... Bb7 9. b3 a5 10. Bb2 Na6 11. Rfd1 Rc8 12. Rac1 h6 13. Qb1 Rc7 14. Ne5 Nd7 15. Ndf3 Nxe5 16. Nxe5 Bd6 17. e4 {½-½ (45) Yu,Y (2751)-Sargissian,G (2672) Riadh 2017}) 9. a3 {LiveBook: 3 Games} c5 10. dxc5 $146 ({Predecessor:} 10. cxd5 exd5 11. e4 dxe4 12. Nxe4 Nxe4 13. Qxe4 Rb8 14. Bf4 Bb7 15. Qe2 Nc7 16. Rfd1 {1-0 (80) Shaidullina,S (2185)-Sukhareva,E (2207) Sochi 2017}) 10... bxc5 {White is slightly better.} 11. e4 Bb7 12. exd5 exd5 13. cxd5 Bxd5 14. Nc4 Nc7 15. Rd1 {[#] Strongly threatening Ne3.} Qc8 16. Nh4 Bxg2 17. Kxg2 Rd8 18. Nf5 Qb7+ 19. Kg1 Rxd1+ 20. Qxd1 Ne6 21. Be3 Bf8 22. Qc2 {Precision: White = 47%, Black = 69%.} ({White should play} 22. Qe2 $11) 1/2-1/2

[Event "Dvorkovich Memorial Rapid 2018"]
[Site "Taganrog"]
[Date "2018.01.14"]
[Round "9"]
[White "Volkov, Sergey"]
[Black "Golubov, Saveliy"]
[Result "0-1"]
[WhiteElo "2627"]
[BlackElo "2484"]
[Annotator "TA"]
[PlyCount "102"]
[EventDate "2018.??.??"]
[EventType "swiss"]
[EventCountry "RUS"]
[SourceTitle "playchess.com"]
[Source "ChessBase"]
[SourceQuality "1"]

{[%evp 11,102,34,53,32,35,35,36,28,35,35,35,32,35,25,25,28,43,37,37,-7,0,0,0,-3,-10,-8,0,-29,-20,-20,-18,-81,-81,-70,-52,-84,-84,-73,-72,-80,-90,-626,-187,-626,-610,-5311,-534,-650,-647,-647,-652,-653,-652,-654,-652,-630,-648,-646,-641,-629,-627,-579,-598,-683,-672,-674,-531,-885,-860,-1261,-1268,-1291,-1291,-1263,-1264,-1258,-1248,-1185,-1137,-1232,-1225,-1196,-1014,-996,-952,-985,-978,-922,-899,-29986,-29987,-29987,-29988]} 1. d4 a6 2. e4 g6 3. c4 Bg7 4. Nc3 d6 5. Nf3 (5. Be2 Nc6 6. Be3 e5 7. dxe5 dxe5 8. Qxd8+ Kxd8 9. O-O-O+ Bd7 10. Nf3 Nf6 11. h3 h6 12. Rd2 Kc8 {½-½ (61) Howell,D (2644)-Ghasi,A (2466) England 2014}) 5... Bg4 6. Be3 {A42: Moderne Verteidigung (mit c2-c4/ohne Sf6)} Nc6 {LiveBook: 3 Partien} 7. d5 Ne5 8. Be2 {Schwarz muss nun Sxe5 beachten.Weiß steht etwas besser.} Nxf3+ 9. Bxf3 Bxf3 10. Qxf3 Nf6 11. O-O O-O 12. Rac1 Nd7 13. Qe2 $146 c5 14. dxc6 bxc6 15. c5 Nxc5 16. Bxc5 dxc5 17. Na4 Qa5 18. b3 Bd4 19. Rc4 Rab8 20. Rfc1 {[%cal Ra4c5]} Rb4 21. g3 (21. Nxc5 $11 {hält das Gleichgewicht.} Rxc4 22. Qxc4) 21... Rxc4 $17 22. Rxc4 f5 {zielt auf ...f4 ab.} 23. exf5 Rxf5 24. Qe6+ Kf8 25. Rc2 Re5 $36 {[%mdl 2048] Weiss steht unter starkem Druck.} 26. Qxc6 $2 {[%mdl 8192] [#]} (26. Qc4 $17) 26... Qe1+ $1 $19 27. Kg2 Rf5 28. Nb6 Bxf2 (28... Kg7 $142 {[%cal Rd4f2]} 29. Nd7 Bxf2) 29. Qc8+ Kg7 {( -> ...De4+)} 30. Qxf5 Qg1+ 31. Kf3 gxf5 32. Rxf2 {[%mdl 4096] Endspiel KD-KTS} Qh1+ 33. Ke2 Qb1 34. Nc4 Qxa2+ 35. Nd2 {[#]} c4 $1 36. bxc4 Qc2 37. Rf3 a5 {[%cal Ba6a5,Ba5a4][%mdl 32]} 38. Re3 Kf6 39. Rb3 a4 40. Rb6+ Ke5 41. Ke3 Qc3+ 42. Ke2 Kd4 43. Nf3+ Kc5 44. Rb5+ Kxc4 45. Rb8 Qd3+ 46. Kf2 Qc2+ 47. Ke3 Qc1+ 48. Ke2 Kd5 49. Rb5+ Kd6 50. Nd4 Qc4+ 51. Ke3 Qc3+ {Precision: Weiß = 46%, Schwarz = 75%.} 0-1

[Event "Dvorkovich Memorial Rapid 2018"]
[Site "Taganrog"]
[Date "2018.01.14"]
[Round "9"]
[White "Bocharov, Dmitry"]
[Black "Esipenko, Andrey"]
[Result "1/2-1/2"]
[WhiteElo "2583"]
[BlackElo "2571"]
[Annotator "TA"]
[PlyCount "69"]
[EventDate "2018.??.??"]
[EventType "swiss"]
[EventCountry "RUS"]
[SourceTitle "playchess.com"]
[Source "ChessBase"]
[SourceQuality "1"]

{[%evp 18,69,14,-4,4,3,42,50,41,4,12,3,8,19,9,0,9,4,81,72,75,75,112,79,82,58,158,60,60,47,104,99,93,83,72,62,97,-6,-6,-9,4,6,6,6,15,0,0,0,0,0,0,0,0,0]} 1. c4 Nf6 2. g3 e6 3. Bg2 d5 4. Nf3 {[%cal Bg1f3,Bf3e1,Be1d3,Bd3f4][%mdl 32]} dxc4 5. O-O a6 6. Qc2 {A13: Reti-Eröffnung} (6. a4 Nc6 7. Qc2 Na5 8. Na3 Qd5 9. Rd1 Bd7 10. d4 Qf5 11. Bd2 Qxc2 12. Nxc2 Nb3 13. Ra2 Bc6 14. Ne5 Bd5 {½-½ (68) So,W (2810)-Ding,L (2777) Tbilisi 2017}) 6... b5 7. Ne1 Nd5 8. d3 cxd3 9. Nxd3 Bb7 10. Rd1 {LiveBook: 6 Partien} Nd7 11. Nc3 Bd6 (11... c6 {keeps more tension.} 12. e4 N5f6 13. Be3 Be7 14. Nc5 Qc7) 12. Nxd5 exd5 13. Nf4 c6 $146 ({Vorgänger:} 13... Nf6 14. Nxd5 Nxd5 15. Bxd5 Bxd5 16. Rxd5 {1-0 (31) Brunello,S (2566)-Cramling,P (2448) Lund 2017}) 14. e4 {[%cal Re4d5]} O-O 15. exd5 c5 16. Be3 Qc7 17. Rac1 c4 (17... Rac8 $11) 18. b3 $1 $16 {[%cal Rb3c4]} Ne5 19. Bd4 Rac8 20. Bxe5 Bxe5 21. d6 Qb8 {[#]} (21... Bxd6 $14 22. Bxb7 Bxf4 23. Bxc8 Qxc8) 22. Qf5 ({Nicht} 22. bxc4 Bxg2 23. Nxg2 Rxc4 $11) ({Besser ist} 22. Bxb7 $1 $16 Qxb7 23. Qf5 Bxf4 24. Qxf4) 22... Bxg2 $14 23. d7 Bb7 (23... Rc6 $14 24. Nxg2 (24. Kxg2 Bxf4 25. gxf4 Rd6 $11) 24... Rd8) 24. dxc8=Q Bxc8 {[#]} 25. Qe4 $1 Bb7 26. Nd5 Re8 27. bxc4 (27. Qg4 $16) 27... Bb2 $1 $36 {[%csl LRc1,LRe4][%mdl 2048] Die Stellung ist ausgeglichen. Schwarz steht aktiver.} 28. Qg4 {zielt auf Tb1 ab.} Bxd5 29. cxd5 {Und weiter mit Tc2 wäre nett.} Bxc1 30. Rxc1 {KDT-KDT} g6 31. Qd7 {Tc7 ist eine echte Drohung.} Rd8 32. Qc6 Qe5 33. Qxa6 Rxd5 34. Qc8+ Kg7 35. Qc2 {Precision: Weiß = 38%, Schwarz = 41%.} 1/2-1/2